000 00479nam a2200181Ia 4500
005 20250508161614.0
008 008 250505s9999 xx 000 0 hin d
037 _aBooks to be hide in OPAC
040 _aFEDL
_beng
_cFEDL
041 _ahin
_2eng
084 _aFH, MAD/O
_qFEDL
100 _aMadan Indra Nath
245 0 _aHamare gurudev
300 _a24p.
546 _aEarlier accessioned as No. 16695
942 _cHB
_hFH, MAD/O
999 _c1371074
_d1371074